000 00336nam a2200133Ia 4500
005 20260326100039.0
008 260326s9999||||xx |||||||||||||| ||und||
100 _aSaldarriaga Roa, Alberto
245 0 _aHabitabilidad /
_cAlberto Saldarriaga Roa
260 _bEscala
300 _a136 p.
650 _aARQUITECTURA Y CLIMA
942 _cBK
999 _c6946
_d6946